Hochgeschwindigkeitsbearbeitung /

Salvato in:
Dettagli Bibliografici
Autore principale: Winkler, Rudolf (Autore)
Natura: Libro
Lingua:tedesco
Pubblicazione: Berlin : VEB Verlag Technik, 1973
Soggetti:
Tags: Aggiungi Tag
Nessun Tag, puoi essere il primo ad aggiungerne!!

MARC

LEADER 00000nam a22000003a 4500
001 stu44921
005 20150617225718.7
008 950802s1973----gw------------------ger-d
040 |a STU  |b slo 
041 0 |a ger 
044 |a gw 
080 |a 621.77 
100 1 |a Winkler, Rudolf  |4 aut 
245 1 |a Hochgeschwindigkeitsbearbeitung /  |c [aut.]Rudolf Winkler 
260 |a Berlin :  |b VEB Verlag Technik,  |c 1973 
300 |a 454 s 
650 7 |a Tvárnenie vysokorýchlostné  |2 stusub 
996 |b 284M061656  |c M*3305-1  |l MMKN  |s A  |a 24  |w stu44921_0001